[Event "GER-ch U16 Girls"]
[Site "Willingen"]
[Date "2019.06.09"]
[Round "1"]
[White "Basovskiy, Jana"]
[Black "Peschel, Julia"]
[Result "1-0"]
[WhiteElo "1761"]
[BlackElo "1275"]
[PlyCount "99"]
[EventDate "2019.06.08"]
[EventType "swiss"]
[EventRounds "9"]
[EventCountry "GER"]
[SourceTitle "CBM 191 Extra"]
[Source "ChessBase"]
[SourceDate "2019.09.30"]
[SourceVersion "1"]
[SourceVersionDate "2019.09.30"]
[SourceQuality "1"]

1. e4 e5 2. Nf3 Nc6 3. Bc4 Bc5 4. c3 Nf6 5. d3 a6 6. Nbd2 Ba7 7. 0-0 d6 8. Bb3 0-0 9. h3 h6 10. Re1 Re8 11. Nf1 Be6 12. Ng3 d5 13. Qe2 Qd7 14. Rd1 Rad8 15. Nh4 dxe4 16. dxe4 Qc8 17. Be3 Bxe3 18. Qxe3 Bxb3 19. axb3 Qe6 20. b4 Qb3 21. Qe2 Ne7 22. Rd2 Rxd2 23. Qxd2 Nc8 24. Nhf5 Nd6 25. Nxd6 cxd6 26. Ra3 Qe6 27. Ra5 Rd8 28. b5 axb5 29. Rxb5 Rd7 30. Qe2 Rc7 31. Qd1 Rd7 32. Qa4 Kh7 33. Qb4 Rc7 34. Rxb7 Rc4 35. Qb6 Ra4 36. Kh2 Ra1 37. Qc7 Kg6 38. f3 Rc1 39. Ne2 Rc2 40. f4 Qa2 41. f5+ Kh7 42. Ng3 Rxb2 43. Rxb2 Qxb2 44. c4 Kg8 45. Qd8+ Kh7 46. Qxd6 Qd4 47. Qc6 Nd7 48. Qd5 Nb6 49. Qxf7 Qxc4 50. Qg6+ 1-0

[Event "GER-ch U16 Girls"]
[Site "Willingen"]
[Date "2019.06.09"]
[Round "2"]
[White "Peschel, Julia"]
[Black "Sinnhoefer, Lilian"]
[Result "0-1"]
[WhiteElo "1275"]
[BlackElo "1396"]
[PlyCount "60"]
[EventDate "2019.06.08"]
[EventType "swiss"]
[EventRounds "9"]
[EventCountry "GER"]
[SourceTitle "CBM 191 Extra"]
[Source "ChessBase"]
[SourceDate "2019.09.30"]
[SourceVersion "1"]
[SourceVersionDate "2019.09.30"]
[SourceQuality "1"]

1. e4 e5 2. Nf3 Nc6 3. Bc4 Bc5 4. c3 Nf6 5. d3 h6 6. Bb3 d6 7. Nbd2 Bg4 8. h3 Bh5 9. Nf1 d5 10. exd5 Nxd5 11. Ng3 Bg6 12. 0-0 Nde7 13. Bc2 Qd6 14. Re1 0-0 15. Be3 Bxe3 16. Rxe3 Nd5 17. Re1 Nf4 18. Ne4 Bxe4 19. Rxe4 f5 20. Re1 Qg6 21. g3 Nxh3+ 22. Kf1 f4 23. d4 Qg4 24. Nh4 fxg3 25. Re4 Qxd1+ 26. Bxd1 Rxf2+ 27. Ke1 g2 28. Rg4 exd4 29. Rxg2 Re8+ 30. Be2 Rexe2+ 0-1

[Event "GER-chT U14"]
[Site "Verden an der Aller"]
[Date "2017.12.27"]
[Round "2.4"]
[White "Peschel, Julia"]
[Black "Grozea, Filip"]
[Result "0-1"]
[WhiteElo "1514"]
[BlackElo "1605"]
[PlyCount "112"]
[EventDate "2017.12.26"]
[EventType "team-swiss"]
[EventRounds "7"]
[EventCountry "GER"]
[SourceTitle "CBM 182 Extra"]
[Source "ChessBase"]
[SourceDate "2018.02.23"]
[SourceVersion "1"]
[SourceVersionDate "2018.02.23"]
[SourceQuality "1"]
[WhiteTeam "Biebertal"]
[BlackTeam "Berlin Mattnetz"]
[WhiteTeamCountry "GER"]
[BlackTeamCountry "GER"]

1. e4 c6 2. d4 d5 3. e5 Bf5 4. Nf3 e6 5. Bd3 Bxd3 6. Qxd3 c5 7. c3 Qb6 8. 0-0 Nc6 9. Rd1 cxd4 10. cxd4 Nge7 11. Nbd2 Nf5 12. Nb3 Rc8 13. Bd2 Bb4 14. Rac1 0-0 15. g4 Bxd2 16. Rxd2 Nb4 17. Qb1 Ne7 18. Ng5 Ng6 19. a3 h6 20. Nf3 Na6 21. Qd3 Rxc1+ 22. Nxc1 Rc8 23. Ne2 Qd8 24. Qe3 Nh4 25. Nxh4 Qxh4 26. Qg3 Qxg3+ 27. Nxg3 Nb8 28. Ne2 Nd7 29. Nc3 a6 30. f4 b5 31. f5 Nb6 32. Rc2 Na4 33. Kf2 Nxb2 34. Ke2 Nc4 35. Nd1 Kf8 36. Nb2 Ke8 37. Nd3 Kd8 38. Nb4 a5 39. Na6 Nxa3 40. Rxc8+ Kxc8 41. Nc5 b4 42. Kd2 Nb5 43. fxe6 fxe6 44. Nxe6 Kd7 45. Kd3 Kxe6 46. h4 g5 47. hxg5 hxg5 48. Kc2 Nxd4+ 49. Kd3 b3 50. Kc3 Kxe5 51. Kb2 a4 52. Ka3 Ke4 53. Kb2 Kd3 54. Ka3 Kc2 55. Kb4 b2 56. Kxa4 b1Q 0-1

[Event "GER-chT U12"]
[Site "Magdeburg"]
[Date "2015.12.27"]
[Round "1.4"]
[White "Dittmar, Elia"]
[Black "Peschel, Julia"]
[Result "0-1"]
[WhiteElo "1018"]
[BlackElo "1044"]
[PlyCount "104"]
[EventDate "2015.12.27"]
[EventType "team-swiss"]
[EventRounds "7"]
[EventCountry "GER"]
[SourceTitle "EXT 2017"]
[Source "ChessBase"]
[SourceDate "2016.10.25"]
[SourceVersion "1"]
[SourceVersionDate "2016.10.25"]
[SourceQuality "1"]
[WhiteTeam "Biberach"]
[BlackTeam "Biebertal"]
[WhiteTeamCountry "GER"]
[BlackTeamCountry "GER"]

1. e4 e5 2. Nf3 Nc6 3. Bb5 Nf6 4. Nc3 d6 5. 0-0 Bg4 6. Nd5 a6 7. Bc4 Nd4 8. Nxf6+ Qxf6 9. Be2 Nxf3+ 10. Bxf3 Bxf3 11. Qxf3 Qxf3 12. gxf3 Be7 13. d3 Rf8 14. Kh1 f5 15. exf5 Rxf5 16. Rg1 g6 17. Rg3 0-0-0 18. Be3 Rdf8 19. Kg2 R8f7 20. a4 Kd8 21. b4 d5 22. c3 b6 23. Rb1 c5 24. bxc5 Bxc5 25. Bxc5 bxc5 26. Rb6 R5f6 27. Rb8+ Kc7 28. Re8 Kd6 29. Ra8 Kc7 30. Ra7+ Kd8 31. Ra8+ Kd7 32. Ra7+ Kd8 33. Rxf7 Rxf7 34. Rg5 Re7 35. d4 exd4 36. Rxd5+ Rd7 37. c4 Rxd5 38. cxd5 c4 39. Kf1 Kd7 40. Ke1 Kd6 41. Kd2 Kxd5 42. Kc2 a5 43. Kd2 Kc5 44. Kc2 Kb4 45. Kb2 Kxa4 46. Ka2 d3 47. Kb2 Kb4 48. Ka2 d2 49. Kb2 d1Q 50. Ka2 Qb3+ 51. Ka1 Ka3 52. h4 Qb2# 0-1

[Event "GER-chT U12"]
[Site "Magdeburg"]
[Date "2015.12.27"]
[Round "2.4"]
[White "Seidel, Arne Christian"]
[Black "Peschel, Julia"]
[Result "1-0"]
[WhiteElo "1488"]
[BlackElo "1044"]
[PlyCount "43"]
[EventDate "2015.12.27"]
[EventType "team-swiss"]
[EventRounds "7"]
[EventCountry "GER"]
[SourceTitle "EXT 2017"]
[Source "ChessBase"]
[SourceDate "2016.10.25"]
[SourceVersion "1"]
[SourceVersionDate "2016.10.25"]
[SourceQuality "1"]
[WhiteTeam "Halle Reideburger"]
[BlackTeam "Biebertal"]
[WhiteTeamCountry "GER"]
[BlackTeamCountry "GER"]

1. e4 e5 2. Nf3 Nc6 3. Bc4 Nf6 4. Ng5 d5 5. exd5 Na5 6. Bb5+ Bd7 7. Bxd7+ Qxd7 8. d4 Qxd5 9. 0-0 Qxd4 10. Qe2 Nc6 11. Rd1 Qb6 12. Qc4 Nd4 13. Qxf7+ Kd8 14. c3 h6 15. Ne6+ Kc8 16. cxd4 exd4 17. Nxf8 Qc5 18. Qe6+ Kd8 19. Be3 Qc6 20. Rxd4+ Nd7 21. Rxd7+ Kc8 22. Qe8# 1-0